| 000 | 00552nam a22002177a 4500 | ||
|---|---|---|---|
| 005 | 20260604123232.0 | ||
| 008 | 260604b |||||||| |||| 00| 0 eng d | ||
| 020 |
_a9789371058612 _c998.00 |
||
| 040 | _aMAIN | ||
| 041 | _aHindi | ||
| 082 |
_a330.954 _bPUR |
||
| 100 |
_aPuri, V.K. _93896 |
||
| 245 | _aBhartiya Arthvyawastha ((Indian Economy) | ||
| 250 | _a37th | ||
| 260 |
_aMumbai _bHimalaya _c2025 |
||
| 300 | _a805 | ||
| 650 |
_aEconomics (PM USHA) _926774 |
||
| 700 |
_aMishr, S.K. _927013 |
||
| 700 |
_aGarg, Bharat _927014 |
||
| 942 | _cBK | ||
| 999 |
_c61000 _d61000 |
||